| 000 | 00828nam a2200229 a 4500 | ||
|---|---|---|---|
| 001 | 48944 | ||
| 003 | BD-RjUL | ||
| 005 | 20211209054618.0 | ||
| 008 | 160817s1972 b ||||| |||| 00| 0 eng d | ||
| 020 | _c : Tk. 5.00 | ||
| 035 | _a(BD-RjUL)49063 | ||
| 040 |
_aBD-RjUL _bben _cBD-RjUL |
||
| 041 | _aben | ||
| 082 |
_223 _a891.441 _bKAK 1972 |
||
| 100 | 1 |
_aকবির, হুমায়ুন _9147403 |
|
| 245 | 1 | 0 |
_aকুসুমিত ইস্পাত / _cহুমায়ুন কবির. |
| 260 |
_aঢাকা : _bখন ব্রাদার্স এ্যাণ্ড কোম্পানী, _c১৯৭২ |
||
| 300 |
_a৯৬ পৃ ; _c২২ সেমি |
||
| 650 |
_aবাংলা সাহিত্য _vকবিতা _9118883 |
||
| 650 |
_aBangali Literature _vPoetry _9145103 |
||
| 942 |
_2ddc _cBK |
||
| 999 |
_c48944 _d48944 |
||